00762nam a2200205 a 450000100100000000500170001000800410002702000180006804000250008608200160011110000330012724500620016026000540022230000280027650000630030450400490036704900090041695201140042599900170053900002259420200930021707.0101013s2007 mx a 000 0 spa d a9781602550056 aDO-SdBNPbspacBNPHU axxxxbR175c1 aRamos, Marcos Antonio93425413aLa Cuba de Castro y después... /cMarcos Antonio Ramos. aTennessee, Estados Unidos :bGrupo Nelson,c2007. a303 p. :bil. ;c22 cm. aIncluye datos biográficos del autor en la contracubierta aIncluye notas y referencias bilbiográficas aBNPD 001050718MOaPDbPDcCTd2010-10-13iLF1l0oxxxx R175cp22594-10r2020-06-25w2020-06-25y1ZNo se presta c22091d22091